Desarrollo y reforma de la educación en los 1990
Uloženo v:
| Médium: | Kniha |
|---|---|
| Jazyk: | španělština |
| Vydáno: |
Beijing
Nueva Estrella
1996
|
| Edice: | Presencia de China
|
| Témata: | |
| Tagy: |
Přidat tag
Žádné tagy, Buďte první, kdo vytvoří štítek k tomuto záznamu!
|
MARC
| LEADER | 00000nam a2200000 a 4500 | ||
|---|---|---|---|
| 001 | UCL4770 | ||
| 003 | CL-VaPUC | ||
| 008 | 040227e19960000CH |||||||||||||||||spa|d | ||
| 020 | |a 7801025830 | ||
| 082 | 0 | 4 | |a 379.51 |b DES |2 21 |
| 245 | 1 | 0 | |a Desarrollo y reforma de la educación en los 1990 |
| 300 | |a 28 p | ||
| 942 | |c BK | ||
| 945 | |d 20040227 00:00:00 |a cmena | ||
| 260 | |a Beijing |b Nueva Estrella |c 1996 | ||
| 650 | 0 | |a Reforma educacional |9 256319 | |
| 650 | 0 | |a Estado y educación |9 311264 | |
| 650 | 0 | |a Política gubernamental |9 262286 | |
| 651 | 0 | |a China |9 257545 | |
| 583 | |a last modification |c 20160913 11:06:14 |k Rodrigo Vera | ||
| 490 | 0 | |a Presencia de China | |
| 999 | |c 307541 |d 307539 | ||
| 952 | |0 0 |1 0 |4 0 |6 379_510000000000000_DES_1996 |7 0 |8 A |9 373557 |a BIBGIM |b BIBGIM |d 2019-11-21 |i 3972151 |o 379.51 DES 1996 |p 3972151 |r 2025-01-15 |w 2019-11-21 |y BK |k ORI | ||